000 00558 a2200193 4500
999 _c169693
_d169693
005 20191129123920.0
010 _aB-731100
020 _c350.00
_a9788191043747
035 _aB-731100
037 _bSwati academy
_adpl
082 _aN
100 _aPotdar, Manohar
245 _aThe phoenix girl /
_cby Manohar Potdar
260 _aDelhi
_bSwati Academy
_c2018
270 _aB-5/263, Yamuna Vihar
_bDelhi
_e110 053
300 _a303p.
_c22 cm ( Hb.)
942 _adpl
_cEN
_2ddc
_hN
_mPOT